000 00690cam a22002293a 4500
001 17485
003 PGUSA
005 20140828083355.0
008 060109s2006||||xxu|||||s|||||000 | eng d
040 _aPGUSA
_beng
042 _adc
050 4 _aF206
100 1 _aHead, James William,
_d1883-
245 1 0 _aHistory and Comprehensive Description of Loudoun County, Virginia
_h[electronic resource] /
_cJames William Head
260 _bProject Gutenberg,
_c2006
506 _aPublic domain in the USA.
516 _aElectronic text
653 _aLoudoun County (Va.) -- History
830 0 _aProject Gutenberg
_v17485
856 4 0 _uhttp://www.gutenberg.org/ebooks/17485
942 _cEB
999 _c246740
_d246740